Popular teenager films - Statistics

General Stats
  • This quiz has been taken 98 times
  • The average score is 4 of 56
Answer Stats
Answer % Correct
Mean Girls
74%
Clueless
35%
Twilight
33%
10 things I hate about you
27%
High School Musical
25%
The Notebook
18%
Grease
16%
Divergent
14%
Juno
13%
Wild child
13%
Shes the man
12%
The fault in our stars
12%
Titanic
12%
Pitch Perfect
11%
A Cinderella story
9%
American Pie
8%
Bring it on
8%
Camp Rock
8%
The last song
8%
The Princess Diaries
8%
17 again
7%
Angus thongs and perfect snogging
7%
Freaky Friday
7%
Hairspray
7%
The breakfast club
7%
The duff
6%
Not another teen movie
5%
Pulp fiction
5%
John Tucker must die
4%
Never been kissed
4%
Paper Towns
4%
16 wishes
2%
If I stay
2%
The perks of being a wallflower
2%
Confessions of a teenage drama queen
1%
Fame
1%
Get a clue
1%
Kick ass
1%
Lemonade Mouth
1%
Romeo & Juliet
1%
Zenon: Girl of the 21st century
1%
18 year old virgin
0%
Cheetah Girls
0%
Cyberbully
0%
Halloweentown
0%
I know what you did last summer
0%
I love you, Beth Cooper
0%
Mulan
0%
My date with the presidents daughter
0%
Napoleon dynamite
0%
Spring Breakers
0%
The lovely bones
0%
There's something about Mary
0%
The virgin suicides
0%
Tru Confessions
0%
Twitches
0%
No matching quizzes found
Score Distribution
Percent of People with Each Score
Percentile by Number Answered
Your Score History
You have not taken this quiz